书目信息 |
| 题名: |
Construction technical specification for hydraulic structure sliding formwork
|
|
| 作者: | Wang Pengyu 起草 | |
| 分册: | ||
| 出版信息: | 北京 中国电力出版社 2019.12 |
|
| 页数: | 57页 | |
| 开本: | 21cm | |
| 丛书名: | 中华人民共和国电力行业标准 | |
| 单 册: | ||
| 中图分类: | TV52-65 | |
| 科图分类: | ||
| 主题词: | 水工建筑物--shui gong jian zhu wu--滑动模板--工程施工--建筑规范--中国--英文 | |
| 电子资源: | ||
| ISBN: | 978-7-5198-4186-7 | |
| 000 | 01414nam 2200301 450 | |
| 001 | 2078103912 | |
| 005 | 20201105214237.83 | |
| 010 | @a978-7-5198-4186-7@dCNY30.00 | |
| 094 | @aCN@bDL/T 5400-2016 | |
| 100 | @a20200429d2019 em y0chiy50 ba | |
| 101 | 0 | @aeng |
| 102 | @aCN@b110000 | |
| 105 | @ay l 000yy | |
| 200 | 1 | @aConstruction technical specification for hydraulic structure sliding formwork@d= 水工建筑物滑动模板施工技术规范@zchi |
| 210 | @a北京@c中国电力出版社@d2019.12 | |
| 215 | @a57页@d21cm | |
| 225 | 2 | @a中华人民共和国电力行业标准@Azhong hua ren min gong he guo dian li hang ye biao zhun |
| 300 | @aRecord No: J2153-2016 Replace DL/T 5400-2007 | |
| 300 | @aIssued by national energy administration Issued on: January 1, 2016 Implemented on: June 1, 2016 | |
| 314 | @a起草人: Wang Pengyu ... [等] | |
| 330 | @a为规范水电水利工程滑动模板施工, 确保施工安全和工程质量, 特制定本规范。本规范适用于水电水利工程的滑动模板施工。滑动模板工程的设计与施工应积极采用新技术、新工艺、新材料和新设备。水工建 (构) 筑物滑动模板施工除应符合本规范外, 还应符合国家现行有关标准的规定。 | |
| 410 | 0 | @12001 @a中华人民共和国电力行业标准 |
| 510 | 1 | @a水工建筑物滑动模板施工技术规范@zchi |
| 606 | 0 | @a水工建筑物@Ashui gong jian zhu wu@x滑动模板@x工程施工@x建筑规范@y中国@x英文 |
| 690 | @aTV52-65@v5 | |
| 701 | 0 | @aWang Pengyu@4起草 |
| 801 | 0 | @aCN@b人天书店@c20201005 |
| 905 | @aZUCC@dTV52-65@eG929 | |
| Construction technical specification for hydraulic structure sliding formwork= 水工建筑物滑动模板施工技术规范.-北京:中国电力出版社,2019.12 |
| 57页;21cm.-(中华人民共和国电力行业标准) |
| Record No: J2153-2016 Replace DL/T 5400-2007.-Issued by national energy administration Issued on: January 1, 2016 Implemented on: June 1, 2016 |
| ISBN 978-7-5198-4186-7:CNY30.00 |
| 为规范水电水利工程滑动模板施工, 确保施工安全和工程质量, 特制定本规范。本规范适用于水电水利工程的滑动模板施工。滑动模板工程的设计与施工应积极采用新技术、新工艺、新材料和新设备。水工建 (构) 筑物滑动模板施工除应符合本规范外, 还应符合国家现行有关标准的规定。 |
| ● |
| 相关链接 |
|
|
|
正题名:Construction technical specification for
索取号:TV52-65/G929
 
预约/预借
| 序号 | 登录号 | 条形码 | 馆藏地/架位号 | 状态 | 备注 |
| 1 | 1480929 | 214809297 | 自科库501/501自科库 78排2列4层/ [索取号:TV52-65/G929] | 在馆 | |
| 2 | 1480930 | 214809304 | 自科库501/501自科库 78排2列4层/ [索取号:TV52-65/G929] | 在馆 |